[Event "2.BLW 0607 Godesberger SK - SVg Pletten"]
[Site "Godesberg"]
[Date "2006.10.15"]
[Round "1.1"]
[White "Aleksandrov, Aleksej"]
[Black "Kasimdzhanov, Rustam"]
[Result "1/2-1/2"]
[WhiteElo "2627"]
[BlackElo "2672"]
[PlyCount "36"]
[EventDate "2006.10.15"]
[WhiteTeamCountry "BLR"]
[BlackTeamCountry "UZB"]

1. d4 d5 2. c4 e6 3. Nc3 Be7 4. cxd5 exd5 5. Bf4 c6 6. Qc2 Bd6 7. Bxd6 Qxd6 8.
e3 Ne7 9. Bd3 Qf6 10. Rc1 Nd7 11. Nge2 Nb6 12. e4 Qh6 13. e5 f6 14. O-O fxe5
15. dxe5 O-O 16. f4 Bf5 17. Rf3 Rad8 18. b4 Nc4 {(=)} 1/2-1/2

[Event "2.BLW 0607 Godesberger SK - SVg Pletten"]
[Site "Godesberg"]
[Date "2006.10.15"]
[Round "1.2"]
[White "Sprenger, Jan-Michael"]
[Black "Drozdovskij, Yuri"]
[Result "1/2-1/2"]
[WhiteElo "2525"]
[BlackElo "2552"]
[PlyCount "27"]
[EventDate "2006.10.15"]
[WhiteTeamCountry "GER"]
[BlackTeamCountry "UKR"]

1. e4 e6 2. d4 d5 3. Nd2 dxe4 4. Nxe4 Nd7 5. Nf3 Ngf6 6. Nxf6+ Nxf6 7. c3 c5 8.
Ne5 a6 9. Bg5 Be7 10. Qa4+ Nd7 11. Bf4 Bd6 12. Bb5 Rb8 13. Bxd7+ Bxd7 14. Qxd7+
{(=)} 1/2-1/2

[Event "2.BLW 0607 Godesberger SK - SVg Pletten"]
[Site "Godesberg"]
[Date "2006.10.15"]
[Round "1.3"]
[White "Kupreichik, Viktor D"]
[Black "Steingrimsson, Hedinn"]
[Result "0-1"]
[WhiteElo "2461"]
[BlackElo "2449"]
[PlyCount "80"]
[EventDate "2006.10.15"]
[WhiteTeamCountry "BLR"]
[BlackTeamCountry "ISL"]

1. e4 c5 2. Nc3 d6 3. f4 g6 4. Nf3 Bg7 5. d4 cxd4 6. Nxd4 Nc6 7. Nb3 Nf6 8. Be2
b6 9. O-O O-O 10. Bf3 Bb7 11. Qe2 Nd7 12. Rd1 Rc8 13. Be3 Qc7 14. Rd2 Nc5 15.
Nd5 Qb8 16. Nd4 Rfe8 17. Rad1 e6 18. Nc3 Nxd4 19. Bxd4 Bxd4+ 20. Rxd4 e5 21.
Rxd6 exf4 22. e5 Bxf3 23. gxf3 Re7 24. R1d5 Nb7 25. Rd7 Rxd7 26. Rxd7 Nc5 27.
Rd5 Rd8 28. Qd2 Rxd5 29. Qxd5 Kg7 30. b4 Ne6 31. Ne4 Qc8 32. c4 Qa6 33. c5 Qe2
34. Nf2 bxc5 35. bxc5 Ng5 36. Kg2 Nh3 37. Kxh3 Qxf2 38. c6 h5 39. e6 Qf1+ 40.
Kh4 f6 0-1

[Event "2.BLW 0607 Godesberger SK - SVg Pletten"]
[Site "Godesberg"]
[Date "2006.10.15"]
[Round "1.4"]
[White "Jenni, Florian"]
[Black "Haub, Thorsten-Michael"]
[Result "1/2-1/2"]
[WhiteElo "2481"]
[BlackElo "2469"]
[PlyCount "156"]
[EventDate "2006.10.15"]
[WhiteTeamCountry "SUI"]
[BlackTeamCountry "GER"]

1. e4 g6 2. d4 Bg7 3. Nf3 d6 4. Bc4 e6 5. Qe2 Ne7 6. c3 Nd7 7. Bf4 h6 8. a4 Nc6
9. Nbd2 e5 10. dxe5 Ndxe5 11. Nxe5 Nxe5 12. Bb3 O-O 13. O-O Re8 14. Bg3 Nc6 15.
Rae1 Be6 16. Bxe6 Rxe6 17. f4 Qd7 18. f5 gxf5 19. Rxf5 Ne7 20. Rf2 Qxa4 21.
Ref1 Rf8 22. Qh5 Ng6 23. h4 Qd7 24. Qg4 Qe7 25. Rf5 Ne5 26. Qe2 c6 27. h5 d5
28. R1f4 Kh8 29. Qf1 Qc5+ 30. Bf2 Qd6 31. Bd4 c5 32. exd5 Qxd5 33. c4 Qd6 34.
Bc3 Qd3 35. Qf2 b6 36. Kh1 Rg8 37. Qf1 Qxf1+ 38. Rxf1 Rd8 39. Ne4 Rd7 40. b3
Kg8 41. R1f4 Rd1+ 42. Kh2 Rd3 43. Be1 Rxb3 44. Bh4 Re3 45. Nf6+ Kh8 46. Nd5 Rd3
47. Nc7 Rc6 48. Ne8 Re3 49. Nxg7 Kxg7 50. Kg1 Re6 51. Bf6+ Rxf6 52. Rxf6 Re1+
53. Rf1 Rxf1+ 54. Rxf1 Nxc4 55. Kf2 a5 56. Ke2 a4 57. Kd3 b5 58. Rf5 a3 59. Kc3
Nd6 60. Rf4 b4+ 61. Kb3 Nb5 62. g4 Nd4+ 63. Ka2 f6 64. Rf1 Nb5 65. Kb3 Nc3 66.
Rf4 a2 67. Kb2 Kf7 68. Rf5 Ke6 69. Ka1 Nd5 70. Kxa2 Ne3 71. Rxc5 Nxg4 72. Kb3
Ne5 73. Rc8 Kf5 74. Rg8 Nc6 75. Rg6 Ne7 76. Rxh6 Kg5 77. Rh8 Nf5 78. Kxb4 Nh6
1/2-1/2

[Event "2.BLW 0607 Godesberger SK - SVg Pletten"]
[Site "Godesberg"]
[Date "2006.10.15"]
[Round "1.5"]
[White "Bosch, Jeroen"]
[Black "Likavsky, Tomas"]
[Result "0-1"]
[WhiteElo "2472"]
[BlackElo "2498"]
[PlyCount "110"]
[EventDate "2006.10.15"]
[WhiteTeamCountry "NED"]
[BlackTeamCountry "SVK"]

1. d4 Nf6 2. c4 g6 3. Nc3 Bg7 4. e4 d6 5. Nge2 e5 6. d5 Nbd7 7. Ng3 h5 8. Be2
h4 9. Nf1 Nc5 10. Qc2 Nh5 11. g3 f5 12. Be3 Nf6 13. Bxc5 dxc5 14. exf5 gxf5 15.
Ne3 hxg3 16. fxg3 e4 17. O-O Qe7 18. Nxf5 Bxf5 19. Rxf5 O-O-O 20. Re1 Kb8 21.
Bd1 Rh3 22. Rf2 e3 23. Rg2 Re8 24. Ne2 Ne4 25. Nf4 Rh6 26. Ne6 Rxe6 27. dxe6
Qxe6 28. Bf3 Ng5 29. Bd5 Qh6 30. h4 Nh7 31. Qf5 Bd4 32. Kh2 Rf8 33. Qe6 Qg7 34.
Be4 Nf6 35. Bf3 Nd7 36. Be2 a6 37. Rf1 Rf2 38. Rgxf2 exf2 39. Rxf2 Bxf2 40. Bf3
Ne5 41. Be2 Qh7 42. Qd5 Qc2 43. Qxe5 Bd4 44. Qe6 Qxb2 45. Kh3 Qxa2 46. Bf3 Qb3
47. Qe8+ Ka7 48. Qf7 Kb6 49. g4 a5 50. g5 a4 51. Kg4 a3 52. Qd5 Ka7 53. g6 a2
54. g7 Bxg7 55. Qxc5+ Kb8 0-1

[Event "2.BLW 0607 Godesberger SK - SVg Pletten"]
[Site "Godesberg"]
[Date "2006.10.15"]
[Round "1.6"]
[White "Jackelen, Thomas"]
[Black "Lingnau, Carsten"]
[Result "1/2-1/2"]
[WhiteElo "2446"]
[BlackElo "2392"]
[PlyCount "62"]
[EventDate "2006.10.15"]
[WhiteTeamCountry "GER"]
[BlackTeamCountry "GER"]


1. Nf3 Nf6 2. c4 b6 3. g3 c5 4. Bg2 Bb7 5. O-O e6 6. Nc3 Be7 7. Re1 d5 8. cxd5
exd5 9. d4 O-O 10. Bf4 Nbd7 11. dxc5 Nxc5 12. Rc1 Nce4 13. Be5 Re8 14. Bd4 Bc5
15. e3 Qe7 16. Nxe4 Nxe4 17. a3 a5 18. Qb3 Qd6 19. Red1 Rac8 20. Qd3 Qe6 21.
Rc2 a4 22. Rdc1 Ra8 23. Qd1 Ba6 24. Bf1 Bxf1 25. Qxf1 Qf5 26. Nh4 Qg5 27. Rd1
Re6 28. Ng2 Qf5 29. Nh4 Qg5 30. Ng2 Qf5 31. Nh4 Qg5 1/2-1/2

[Event "2.BLW 0607 Godesberger SK - SVg Pletten"]
[Site "Godesberg"]
[Date "2006.10.15"]
[Round "1.7"]
[White "Schlecht, Daniel Dr"]
[Black "Schmidt, Bodo"]
[Result "0-1"]
[WhiteElo "2386"]
[BlackElo "2338"]
[PlyCount "106"]
[EventDate "2006.10.15"]
[WhiteTeamCountry "GER"]
[BlackTeamCountry "GER"]

1. d4 d5 2. c4 c6 3. Nf3 Nf6 4. e3 Bf5 5. Nc3 e6 6. Nh4 Bg6 7. Nxg6 hxg6 8. a3
Nbd7 9. g3 Be7 10. f4 Ne4 11. Nxe4 dxe4 12. b4 f5 13. Be2 g5 14. d5 Bf6 15. Rb1
Nb6 16. d6 Kf7 17. O-O Rh3 18. Rf2 Qf8 19. Bf1 Rh6 20. Bb2 gxf4 21. exf4 Nd7 {
(=)} 22. Bxf6 Nxf6 23. Qd4 Rd8 24. Rd1 b6 25. Rfd2 Rd7 26. a4 Qb8 27. Be2 Rh8
28. g4 fxg4 29. c5 Rh5 30. Bc4 bxc5 31. bxc5 Qh8 32. f5 Rxf5 33. Rf2 g3 34.
hxg3 Qh3 35. Rxf5 Qxg3+ 36. Kf1 Qh3+ 37. Kg1 Qxf5 38. Rf1 Qg4+ 39. Kf2 Rb7 40.
Ke3 Qh3+ 41. Ke2 Ke8 42. Qe5 Kd7 43. Qg5 Qh8 44. Rg1 Kd8 45. Bxe6 a5 46. Ke3
Qe8 47. Bc4 Qh8 48. Be6 Qe8 49. Qf5 Qh8 50. Rg6 Qh4 51. Qf2 Qh5 52. Bf5 Rb3+
53. Kd4 Qd1+ 0-1

[Event "2.BLW 0607 Godesberger SK - SVg Pletten"]
[Site "Godesberg"]
[Date "2006.10.15"]
[Round "1.8"]
[White "Dranov, Alexander"]
[Black "Michalczak, Thomas"]
[Result "1-0"]
[WhiteElo "2384"]
[BlackElo "2342"]
[PlyCount "81"]
[EventDate "2006.10.15"]
[WhiteTeamCountry "UKR"]
[BlackTeamCountry "GER"]

1. e4 e5 2. Nf3 Nc6 3. Bb5 a6 4. Ba4 Nf6 5. O-O Be7 6. Re1 b5 7. Bb3 O-O 8. a4
b4 9. d4 d6 10. c3 bxc3 11. bxc3 Bg4 12. Be3 d5 13. exd5 exd4 14. Bxd4 Bxf3 15.
Qxf3 Nxd4 16. cxd4 Bb4 17. Nc3 Bxc3 18. Qxc3 Nxd5 19. Qc5 Nf4 20. Re4 Rb8 21.
Bc4 Qf6 22. Rae1 Ne6 23. Bxe6 fxe6 24. f3 Rb2 25. Qc3 Rb6 26. Qxc7 Rb4 27. a5
Rxd4 28. Rxe6 Qg5 29. Re8 Qf5 30. Qc6 Rd8 31. Rxd8 Rxd8 32. Re8+ Rxe8 33. Qxe8+
Qf8 34. Qxf8+ Kxf8 35. Kf2 Ke7 36. Ke3 Kd6 37. Kd4 Kc6 38. Kc4 g5 39. g3 Kd6
40. Kd4 Kc6 41. Ke5 1-0

[Event "2.BLW 0607 SK Turm Emsdett. - GSK"]
[Site "Emsdetten"]
[Date "2006.10.29"]
[Round "2.1"]
[White "Kasimdzhanov, Rustam"]
[Black "Berelovich, Alexander"]
[Result "1/2-1/2"]
[WhiteElo "2672"]
[BlackElo "2551"]
[PlyCount "93"]
[EventDate "2006.10.29"]
[WhiteTeamCountry "UZB"]
[BlackTeamCountry "UKR"]


1. d4 d5 2. c4 e6 3. Nc3 c5 4. cxd5 exd5 5. Nf3 Nc6 6. g3 Nf6 7. Bg2 Be7 8. O-O
O-O 9. Bg5 cxd4 10. Nxd4 h6 11. Be3 Bg4 12. Qa4 Na5 13. Rad1 Nc4 14. Bc1 Nb6
15. Qb5 Rc8 16. h3 Bd7 17. Qd3 Re8 18. b3 Bb4 19. Bb2 Qe7 20. e3 Qe5 21. Nce2
Ne4 22. Ba1 Qe7 23. a4 Nc5 24. Qb1 Ne4 25. Nc2 Bf5 26. Qb2 Bc3 27. Nxc3 Nxc3
28. Rd2 f6 29. Nd4 Be4 30. Rc1 Ncxa4 31. bxa4 Nxa4 32. Rxc8 Nxb2 33. Rxe8+ Qxe8
34. Bxb2 Bxg2 35. Kxg2 Qe4+ 36. Kh2 a5 37. Ba3 h5 38. Rb2 Qd3 39. Bd6 Qf1 40.
g4 hxg4 41. hxg4 a4 42. Rc2 Qd1 43. Kg3 Qg1+ 44. Kf3 Qd1+ 45. Kg3 Qg1+ 46. Kf3
Qd1+ 47. Kg3 1/2-1/2

[Event "2.BLW 0607 SK Turm Emsdett. - GSK"]
[Site "Emsdetten"]
[Date "2006.10.29"]
[Round "2.2"]
[White "Feygin, Michael"]
[Black "Sprenger, Jan-Michael"]
[Result "1-0"]
[WhiteElo "2520"]
[BlackElo "2525"]
[PlyCount "120"]
[EventDate "2006.10.29"]
[WhiteTeamCountry "GER"]
[BlackTeamCountry "GER"]


1. e4 c5 2. c3 Nf6 3. e5 Nd5 4. Nf3 Nc6 5. Bc4 Nb6 6. Bb3 d5 7. exd6 Qxd6 8.
Na3 Be6 9. d4 cxd4 10. Nb5 Qd7 11. Nbxd4 Bxb3 12. Qxb3 Nxd4 13. Nxd4 e6 14. O-O
Be7 15. Rd1 O-O 16. Bf4 Qa4 17. Be3 Qxb3 18. axb3 Nd5 19. Nf5 Bf6 20. Nd6 b6
21. b4 a5 22. bxa5 bxa5 23. Bd4 Bxd4 24. Rxd4 Rfb8 25. Nc4 a4 26. Kf1 g5 27.
Ra3 Kg7 28. Ke1 f5 29. Kd2 Kf6 30. Kc2 h5 31. Ne3 Nb6 32. Rb4 Ra6 33. h4 g4 34.
Nc4 Nxc4 35. Rxb8 Nxa3+ 36. bxa3 Ke5 37. Rb5+ Kd6 38. c4 e5 39. Kc3 Ra8 40.
Rb6+ Kc7 41. Re6 e4 42. Rf6 Rb8 43. Rxf5 Rb3+ 44. Kd4 g3 45. fxg3 Rxa3 46. g4
hxg4 47. h5 e3 48. h6 e2 49. Re5 Ra1 50. Rxe2 Rh1 51. Re6 Rh2 52. Ra6 Kb7 53.
Rxa4 Rxg2 54. Rb4+ Kc7 55. c5 Rh2 56. Rb6 Rh5 57. Ra6 Kb7 58. Rg6 g3 59. c6+
Kc7 60. Ke3 Rf5 1-0

[Event "2.BLW 0607 SK Turm Emsdett. - GSK"]
[Site "Emsdetten"]
[Date "2006.10.29"]
[Round "2.3"]
[White "Steingrimsson, Hedinn"]
[Black "Hector, Jonny"]
[Result "1/2-1/2"]
[WhiteElo "2466"]
[BlackElo "2520"]
[PlyCount "178"]
[EventDate "2006.10.29"]
[WhiteTeamCountry "ISL"]
[BlackTeamCountry "SWE"]


1. d4 d5 2. c4 c6 3. Nc3 e5 4. dxe5 d4 5. Ne4 Qa5+ 6. Bd2 Qxe5 7. Ng3 Nf6 8.
Nf3 Qd6 9. Qc2 Be7 10. O-O-O O-O 11. Kb1 c5 12. e3 Nc6 13. Bc3 Bg4 14. Be2 Rfd8
15. exd4 Bxf3 16. dxc5 Qxc5 17. Bxf3 Qxc4 18. Nf5 Bf8 19. Nh6+ gxh6 20. Bxf6
Qxc2+ 21. Kxc2 Re8 22. Rhe1 Rxe1 23. Rxe1 Bg7 24. Bxg7 Kxg7 25. Re4 Rc8 26. Kd2
Rd8+ 27. Kc3 Rd6 28. b4 b5 29. Re8 Nd4 30. Bh5 Rd7 31. Re3 Ne6 32. Be2 a6 33.
g3 Rc7+ 34. Kd2 Nd4 35. Bd1 Nc6 36. a3 Kf6 37. Rc3 Ke5 38. Ke3 Kd6 39. Rd3+ Ke7
40. Rc3 Kd6 41. Rd3+ Ke7 42. Rd5 Nd8 43. Kd2 Nb7 44. Re5+ Kf8 45. Rh5 Kg7 46.
Rd5 Rc6 47. Bb3 Nd6 48. Kd3 f5 49. Rc5 Rb6 50. Kd4 Kf6 51. Bd5 f4 52. gxf4 Nf5+
53. Ke4 Ne7 54. Rc7 Rd6 55. Bb7 h5 56. Rc5 Rb6 57. Bc8 Rd6 58. Bf5 Rd2 59. Bxh7
Ra2 60. Rc3 Rxf2 61. Rh3 Ra2 62. Kd4 Rf2 63. Kc5 Kg7 64. Be4 Rxf4 65. Bb7 Kg6
66. Bxa6 Rf5+ 67. Kb6 Nd5+ 68. Ka5 Nc7 69. Bc8 Rf8 70. Rg3+ Kh6 71. Bb7 Rf2 72.
Rc3 Ne8 73. h3 Nd6 74. Ba6 Rf5 75. Rc6 Rd5 76. Kb6 Kg7 77. Rc7+ Kf6 78. Rc5 Rd3
79. Rxh5 Rxa3 80. Bxb5 Rb3 81. Kc6 Ne4 82. Rh4 Rxb4 83. Bd3 Ke5 84. Rg4 Rd4 85.
Bxe4 Rxe4 86. Rxe4+ Kxe4 87. Kd6 Kf4 88. Ke6 Kg3 89. Kf5 Kxh3 1/2-1/2

[Event "2.BLW 0607 SK Turm Emsdett. - GSK"]
[Site "Emsdetten"]
[Date "2006.10.29"]
[Round "2.4"]
[White "Janssen, Ruud"]
[Black "Jenni, Florian"]
[Result "1-0"]
[WhiteElo "2480"]
[BlackElo "2521"]
[PlyCount "87"]
[EventDate "2006.10.29"]
[WhiteTeamCountry "NED"]
[BlackTeamCountry "SUI"]


1. d4 Nf6 2. c4 e6 3. Nf3 b6 4. g3 Ba6 5. b3 b5 6. cxb5 Bxb5 7. Bg2 Bb4+ 8. Bd2
a5 9. O-O O-O 10. a3 Bxd2 11. Nfxd2 d5 12. Nc3 c6 13. Qc2 Qb6 14. Nxb5 Qxb5 15.
Nb1 c5 16. Nc3 Qc6 17. Rfc1 cxd4 18. Nxd5 Qxc2 19. Ne7+ Kh8 20. Rxc2 Ra6 21.
Rac1 g6 22. Rc8 Kg7 23. Rxf8 Kxf8 24. Nxg6+ hxg6 25. Rc8+ Ke7 26. Rxb8 Nd7 27.
Rb7 f5 28. f4 Kd6 29. Kf2 e5 30. fxe5+ Nxe5 31. h4 a4 32. b4 Nc4 33. b5 Rb6 34.
Rxb6+ Nxb6 35. g4 fxg4 36. Be4 Nc4 37. Bxg6 Nxa3 38. h5 Nc4 39. h6 Ne5 40. Bb1
Nf7 41. h7 Kc5 42. Kg3 Kxb5 43. Kxg4 Kb4 44. Kf5 1-0

[Event "2.BLW 0607 SK Turm Emsdett. - GSK"]
[Site "Emsdetten"]
[Date "2006.10.29"]
[Round "2.5"]
[White "Likavsky, Tomas"]
[Black "Richter, Christian"]
[Result "1/2-1/2"]
[WhiteElo "2480"]
[BlackElo "2445"]
[PlyCount "101"]
[EventDate "2006.10.29"]
[WhiteTeamCountry "SVK"]
[BlackTeamCountry "GER"]


1. d4 Nf6 2. c4 g6 3. Nc3 Bg7 4. e4 d6 5. Nf3 O-O 6. Be2 Na6 7. O-O e5 8. Be3
Ng4 9. Bg5 Qe8 10. Re1 exd4 11. Nd5 c6 12. Ne7+ Kh8 13. Nxc8 Rxc8 14. Nxd4 Nf6
15. Bf1 Qe5 16. f4 Qc5 17. Kh1 Rfe8 18. Nb3 Qf2 19. Re2 Qb6 20. Bxf6 Bxf6 21.
Qxd6 Be7 22. Qd4+ Qxd4 23. Nxd4 Rcd8 24. Nf3 Kg7 25. g3 Rd7 26. Kg2 Red8 27. e5
Nc5 28. Kf2 Nd3+ 29. Kg1 Nc5 30. Ree1 Ne6 31. Bh3 Rd3 32. Rf1 Bc5+ 33. Kh1 Nd4
34. Ng5 Be7 35. Ne4 Nc2 36. Rac1 Nb4 37. a3 Re3 38. Rce1 Rxe1 39. Rxe1 Nd3 40.
Re2 Rd4 41. Rd2 Rxe4 42. Rxd3 Re1+ 43. Kg2 Re2+ 44. Kf3 Rxb2 45. Bc8 Kf8 46.
Rd7 b5 47. cxb5 cxb5 48. Rxa7 Rxh2 49. Bd7 Ra2 50. Bxb5 Rxa3+ 51. Rxa3 {(=)}
1/2-1/2

[Event "2.BLW 0607 SK Turm Emsdett. - GSK"]
[Site "Emsdetten"]
[Date "2006.10.29"]
[Round "2.6"]
[White "Kabatianski, Alexandr"]
[Black "Jackelen, Thomas"]
[Result "1/2-1/2"]
[WhiteElo "2434"]
[BlackElo "2446"]
[PlyCount "65"]
[EventDate "2006.10.29"]
[WhiteTeamCountry "GER"]
[BlackTeamCountry "GER"]

1. d4 d5 2. c4 c6 3. e3 Nf6 4. Nf3 Bg4 5. Nbd2 e6 6. Bd3 Nbd7 7. Qc2 Bd6 8. b3
Bh5 9. Bb2 Qb8 10. a3 O-O 11. O-O Re8 12. Rfe1 e5 13. dxe5 Nxe5 14. Nxe5 Bxe5
15. Bxe5 Qxe5 16. f4 Qd6 17. h3 d4 18. c5 Qc7 19. Nc4 h6 20. g4 Bg6 21. f5 Bh7
22. Qf2 dxe3 23. Rxe3 Rxe3 24. Qxe3 Re8 25. Qf2 Rd8 26. Bf1 h5 27. Be2 hxg4 28.
hxg4 Ne4 29. Qe3 Nxc5 30. Qxc5 Qg3+ 31. Kf1 Qh3+ 32. Kg1 Qg3+ 33. Kf1 1/2-1/2

[Event "2.BLW 0607 SK Turm Emsdett. - GSK"]
[Site "Emsdetten"]
[Date "2006.10.29"]
[Round "2.7"]
[White "Schmidt, Bodo"]
[Black "Peng, Zhao Qin"]
[Result "1-0"]
[WhiteElo "2338"]
[BlackElo "2437"]
[PlyCount "97"]
[EventDate "2006.10.29"]
[WhiteTeamCountry "GER"]
[BlackTeamCountry "NED"]

1. d4 d5 2. Nf3 c5 3. c4 dxc4 4. Nc3 cxd4 5. Qxd4 Qxd4 6. Nxd4 Na6 7. e4 e5 8.
Ndb5 Be6 9. Be3 Nf6 10. f3 b6 11. O-O-O Bb4 12. a3 Bxc3 13. Nd6+ Ke7 14. bxc3
Nd7 15. Kc2 Nac5 16. Bxc4 Bxc4 17. Nxc4 Na4 18. Nb2 Nxb2 19. Kxb2 Rhc8 20. Rd5
f6 21. Rhd1 Nf8 22. a4 Rc4 23. Kb3 Rac8 24. R1d3 R4c6 25. Bc1 Ne6 26. Ba3+ Ke8
27. g3 h5 28. Rd6 R8c7 29. R6d5 Rc8 30. Rb5 h4 31. Kb2 h3 32. Bd6 Kf7 33. f4
Rc4 34. fxe5 Rxe4 35. exf6 gxf6 36. Ba3 Rxa4 37. Rf3 Kg6 38. Rbf5 Re4 39. Rxf6+
Kg7 40. Rf7+ Kg8 41. Rxa7 Re2+ 42. Kb3 Rxh2 43. Rf6 Rc7 44. Ra8+ Kh7 45. Rxe6
Rh1 46. Bb2 b5 47. Raa6 h2 48. Rh6+ Kg8 49. Ra8+ 1-0

[Event "2.BLW 0607 SK Turm Emsdett. - GSK"]
[Site "Emsdetten"]
[Date "2006.10.29"]
[Round "2.8"]
[White "Zumsande, Martin"]
[Black "Armbruster, Alexander"]
[Result "0-1"]
[WhiteElo "2404"]
[BlackElo "2351"]
[PlyCount "82"]
[EventDate "2006.10.29"]
[WhiteTeamCountry "GER"]
[BlackTeamCountry "GER"]

1. e4 g6 2. d4 Bg7 3. Nc3 d6 4. f4 c6 5. Nf3 Bg4 6. Be3 Qb6 7. Qd2 Bxf3 8. gxf3
Nd7 9. O-O-O Qa5 10. h4 Ngf6 11. Bh3 b5 12. e5 b4 13. Ne4 Nd5 14. exd6 f5 15.
c4 bxc3 16. Nxc3 exd6 17. Bf1 N7b6 18. h5 Kd7 19. Rg1 Nxc3 20. Qxc3 Qxa2 21.
Bd3 Nd5 22. Qd2 Rab8 23. Bxf5+ Kc7 24. Bb1 Qc4+ 25. Bc2 Rhe8 26. Qa5+ Kc8 27.
Bf2 Bh6 28. Bg3 Ne3 29. Rd2 Nf1 30. Rxf1 Qxf1+ 31. Bd1 Rb7 32. Rc2 Kd7 33. hxg6
hxg6 34. Rh2 Qg1 35. Rxh6 Qxg3 36. Qd2 Rb5 37. Ba4 Rd5 38. Qc2 Qe1+ 39. Qd1
Qxd1+ 40. Bxd1 Rxd4 41. Bb3 Rxf4 0-1

[Event "2.BLW 0607 Godesberger SK - Turm Berghe"]
[Site "Godesberg"]
[Date "2006.11.19"]
[Round "3.1"]
[White "Borovikov, Vladislav"]
[Black "Sprenger, Jan-Michael"]
[Result "1/2-1/2"]
[WhiteElo "2578"]
[BlackElo "2525"]
[PlyCount "91"]
[WhiteTeamCountry "UKR"]
[BlackTeamCountry "GER"]
[EventDate "2006.11.19"]

1. d4 d5 2. c4 dxc4 3. Nf3 Nf6 4. e3 e6 5. Bxc4 c5 6. O-O Nc6 7. Qe2 cxd4 8.
Rd1 Be7 9. Nc3 e5 10. exd4 exd4 11. Be3 Bg4 12. Bb5 O-O 13. Bxc6 bxc6 14. Bxd4
Qc7 15. Re1 Be6 16. Be5 Qb7 17. Nd4 Bd7 18. Qc2 Rfe8 19. Nf5 Bxf5 20. Qxf5 Nd7
21. Bd4 Bf6 {(=)} 22. Ne4 Bxd4 23. Nd6 Bxf2+ 24. Kh1 Rxe1+ 25. Rxe1 Nf6 26.
Nxb7 Bxe1 27. g3 h5 28. Nd6 Bb4 29. Ne4 Nxe4 30. Qxe4 Bf8 31. Qxc6 Rd8 32. Qc2
g6 33. a3 a5 34. Qc3 Rd5 35. Kg2 Rb5 36. Qc2 Bg7 37. b3 Bf8 38. Qc4 Rc5 39. Qa4
Rc2+ 40. Kf1 Ra2 41. Qxa5 Rxa3 42. Qc3 Ra6 43. h3 Rb6 44. Kg2 Rb4 45. Kf3 Be7
46. Qc8+ 1/2-1/2

[Event "2.BLW 0607 Godesberger SK - Turm Berghe"]
[Site "Godesberg"]
[Date "2006.11.19"]
[Round "3.2"]
[White "Steingrimsson, Hedinn"]
[Black "Inkiov, Ventzislav"]
[Result "1-0"]
[WhiteElo "2466"]
[BlackElo "2523"]
[PlyCount "74"]
[WhiteTeamCountry "ISL"]
[BlackTeamCountry "BUL"]
[EventDate "2006.11.19"]

1. e4 e5 2. Nf3 Nc6 3. Bb5 f5 4. Nc3 fxe4 5. Nxe4 d5 6. Nxe5 dxe4 7. Nxc6 Qg5
8. Qe2 Nf6 9. Nxa7+ Kd8 10. Nxc8 Qxg2 11. Qf1 Qf3 12. Nb6 cxb6 13. Rg1 Bc5 {(=)
} 14. Rg3 Qf5 15. d4 Bxd4 16. c3 Bc5 17. Rxg7 Rf8 18. Rg5 Qe6 19. Bf4 Nd5 20.
Bc4 Nxf4 21. Rd1+ Qd7 22. Rxd7+ Kxd7 23. Rg7+ Kd6 24. Kd2 Ne6 25. Rg2 e3+ 26.
Kc2 Nf4 27. Qd1+ Kc6 28. Qf3+ Kd6 29. Qd1+ Kc6 30. Qf3+ Kd6 31. Qg3 Kc6 32.
fxe3 Nxg2 33. Qxg2+ Kc7 34. Qg7+ Kd6 35. Qxb7 Rae8 36. e4 Re5 37. Bb3 Rg5 1-0

[Event "2.BLW 0607 Godesberger SK - Turm Berghe"]
[Site "Godesberg"]
[Date "2006.11.19"]
[Round "3.3"]
[White "Komarov, Dimitri"]
[Black "Jenni, Florian"]
[Result "1/2-1/2"]
[WhiteElo "2540"]
[BlackElo "2521"]
[PlyCount "35"]
[WhiteTeamCountry "UKR"]
[BlackTeamCountry "SUI"]
[EventDate "2006.11.19"]

1. d4 Nf6 2. c4 e6 3. Nf3 b6 4. g3 Ba6 5. b3 b5 6. cxb5 Bxb5 7. Bg2 Bb4+ 8. Bd2
a5 9. Bxb4 axb4 10. Qd2 Qe7 11. Qg5 d5 12. Qxg7 Rg8 13. Qh6 Nc6 14. Qc1 e5 15.
dxe5 Nxe5 16. O-O Bxe2 17. Nxe5 Qxe5 18. Qc6+ {(=)} 1/2-1/2

[Event "2.BLW 0607 Godesberger SK - Turm Berghe"]
[Site "Godesberg"]
[Date "2006.11.19"]
[Round "3.4"]
[White "Likavsky, Tomas"]
[Black "Drenchev, Petar"]
[Result "1-0"]
[WhiteElo "2480"]
[BlackElo "2411"]
[PlyCount "75"]
[WhiteTeamCountry "SVK"]
[BlackTeamCountry "BUL"]
[EventDate "2006.11.19"]

1. d4 g6 2. c4 Bg7 3. e4 c5 4. d5 d6 5. Nf3 Nf6 6. Nc3 O-O 7. Bd3 e6 8. O-O
exd5 9. exd5 Bg4 10. h3 Bxf3 11. Qxf3 Nbd7 12. Qd1 a6 13. a4 Ne8 14. Bd2 Ne5
15. Be2 Nc7 16. a5 Rb8 17. b3 f5 18. f4 Nd7 19. Bd3 Bd4+ 20. Kh2 b6 21. axb6
Rxb6 22. Bc2 Nf6 23. Qf3 Ne4 24. Nxe4 fxe4 25. Qxe4 Bxa1 26. Rxa1 Qf6 27. Rf1
Ne8 28. Qe1 Rb7 29. Bc3 Qe7 30. Qg3 Nf6 31. Re1 Qf7 32. f5 Nh5 33. Qg4 Nf6 34.
Qg5 Re7 35. fxg6 hxg6 36. Bxg6 Qg7 37. Rf1 Ne4 38. Rxf8+ 1-0

[Event "2.BLW 0607 Godesberger SK - Turm Berghe"]
[Site "Godesberg"]
[Date "2006.11.19"]
[Round "3.5"]
[White "Dambacher, Martijn"]
[Black "Jackelen, Thomas"]
[Result "0-1"]
[WhiteElo "2429"]
[BlackElo "2446"]
[PlyCount "102"]
[WhiteTeamCountry "NED"]
[BlackTeamCountry "GER"]
[EventDate "2006.11.19"]

1. c4 c6 2. d4 d5 3. Nc3 Nf6 4. e3 a6 5. Nf3 Bf5 6. Bd3 Bxd3 7. Qxd3 e6 8. O-O
Bb4 9. Bd2 O-O 10. Rac1 Nbd7 11. Rc2 Qe7 12. a3 Bd6 13. e4 dxc4 14. Qxc4 e5 15.
Re1 Rad8 16. d5 Rc8 17. dxc6 Rxc6 18. Qe2 Qe6 19. Bg5 h6 {(=)} 20. Bxf6 Nxf6
21. Rec1 Rfc8 22. Kf1 Bf8 23. h3 g6 24. Qd3 Kg7 25. Rd1 Rd6 26. Qe2 Rdc6 27.
Rdc1 Rd8 28. Nd1 Rdc8 29. Rxc6 Rxc6 30. Rc3 Rd6 31. Rd3 Rb6 32. Nc3 Rc6 33. Qd2
b5 34. Qe3 Bc5 35. Qe2 Rd6 36. Rxd6 Qxd6 37. Qc2 Bb6 38. Ke2 Bd4 39. Qd2 Qc5
40. a4 b4 41. Nd1 Nxe4 42. Qd3 Nxf2 43. Nxf2 Bxf2 44. Nd2 Bd4 45. Qxa6 Qc2 46.
b3 Bc3 47. Qd3 Qa2 48. Qd5 Bxd2 49. Qxd2 Qxb3 50. a5 Qc4+ 51. Kd1 b3 0-1

[Event "2.BLW 0607 Godesberger SK - Turm Berghe"]
[Site "Godesberg"]
[Date "2006.11.19"]
[Round "3.6"]
[White "Schmidt, Bodo"]
[Black "Buscher, Michael"]
[Result "1/2-1/2"]
[WhiteElo "2338"]
[BlackElo "2335"]
[PlyCount "45"]
[WhiteTeamCountry "GER"]
[BlackTeamCountry "GER"]
[EventDate "2006.11.19"]

1. Nf3 Nf6 2. d4 e6 3. c4 c5 4. d5 b5 5. Bg5 exd5 6. cxd5 h6 7. Bxf6 Qxf6 8.
Qc2 d6 9. e4 a6 10. a4 b4 11. Nbd2 Nd7 12. Bd3 g6 13. O-O Bg7 14. Nc4 O-O 15.
a5 Bb7 16. Rad1 Rfe8 17. Rfe1 Rad8 18. Bf1 Qe7 19. g3 Ne5 20. Nfxe5 Bxe5 21.
Bh3 Bd4 22. Kg2 Qc7 23. Nb6 {(=)} 1/2-1/2

[Event "2.BLW 0607 Godesberger SK - Turm Berghe"]
[Site "Godesberg"]
[Date "2006.11.19"]
[Round "3.7"]
[White "Kaeser, Udo Dr"]
[Black "Dranov, Alexander"]
[Result "1/2-1/2"]
[WhiteElo "2334"]
[BlackElo "2390"]
[PlyCount "114"]
[WhiteTeamCountry "GER"]
[BlackTeamCountry "UKR"]
[EventDate "2006.11.19"]

1. e4 d5 2. exd5 Qxd5 3. Nc3 Qa5 4. g3 Nf6 5. Bg2 c6 6. Nge2 Bg4 7. h3 Bh5 8.
g4 Bg6 9. d3 Nbd7 10. b4 Qc7 11. b5 e5 12. bxc6 bxc6 13. f4 exf4 14. Bxf4 Qa5
15. Qd2 Bb4 16. a3 O-O 17. O-O Bc5+ 18. Kh1 Rac8 19. Rad1 Rfe8 20. Ng3 Bb6 21.
Nce4 Nxe4 22. Bxe4 Qxa3 23. Bf5 Rcd8 24. Qg2 Nf6 25. Qxc6 Nd5 26. Bd2 Ne3 27.
Rfe1 Qa2 28. Bxe3 Rxe3 29. Ra1 Rxe1+ 30. Rxe1 Rf8 31. Ne4 Qb2 32. Ng5 Qd4 33.
Qf3 h6 34. Ne6 fxe6 35. Bxe6+ Bf7 36. Rf1 Qf6 37. Qxf6 gxf6 38. Rxf6 Bxe6 39.
Rxe6 Rf2 40. c3 Rd2 41. d4 Kg7 42. Rc6 Rd1+ 43. Kg2 Rd2+ 44. Kf3 Rd3+ 45. Ke4
Rxh3 46. c4 Rh4 47. c5 Rxg4+ 48. Kd5 Bd8 49. Ra6 Bf6 50. Rxa7+ Kf8 51. c6 Rxd4+
52. Ke6 Bd8 53. c7 Bxc7 54. Rxc7 Rf4 55. Rh7 Ra4 56. Kf6 Ra6+ 57. Kf5 Kg8
1/2-1/2